[Event "Politiken Cup"]
[Site "Copenhagen"]
[Date "2006.07.22"]
[Round "1.36"]
[White "Andersen, Dan"]
[Black "Rasmussen, Henning"]
[Result "1/2-1/2"]
[WhiteElo "2278"]
[BlackElo "1927"]
[PlyCount "53"]
[EventDate "2006.??.??"]

1. d4 Nf6 2. c4 c5 3. d5 b5 4. cxb5 a6 5. bxa6 g6 6. Nc3 Bxa6 7. g3 d6 8. Bg2
Bg7 9. h4 h5 10. Nh3 Nbd7 11. O-O O-O 12. Qc2 Qb6 13. Rb1 Rfb8 14. Bg5 Qa5 15.
Rfd1 c4 16. Be3 Nc5 17. Bd4 Bc8 18. Nf4 Bf5 19. e4 Bd7 20. Bf1 Ba4 21. Nxa4
Qxa4 22. Qxa4 Rxa4 23. f3 Nfd7 24. Bxg7 Kxg7 25. b3 cxb3 26. axb3 Rxb3 27. Rxb3
1/2-1/2

[Event "Politiken Cup"]
[Site "Copenhagen"]
[Date "2006.07.22"]
[Round "1.37"]
[White "Robertson, David"]
[Black "Christensen, Stefan"]
[Result "0-1"]
[WhiteElo "1927"]
[BlackElo "2277"]
[PlyCount "120"]
[EventDate "2006.??.??"]

1. e4 e6 2. d4 d5 3. e5 c5 4. c3 Qb6 5. Nf3 Nc6 6. a3 Nh6 7. b4 cxd4 8. cxd4
Nf5 9. Bb2 Bd7 10. g4 Nh6 11. Rg1 f6 12. exf6 gxf6 13. Nc3 Nf7 14. Na4 Qd8 15.
Nc5 b6 16. Nxd7 Qxd7 17. Bb5 Nd6 18. Qa4 Nxb5 19. Qxb5 Ne7 20. Qxd7+ Kxd7 21.
g5 Bg7 22. gxf6 Bxf6 23. Ne5+ Bxe5 24. dxe5 Nf5 25. Kd2 Rac8 26. Rac1 Rxc1 27.
Bxc1 Rc8 28. Bb2 Ke7 29. Rg4 b5 30. Kd3 Kf7 31. Rg1 Rc4 32. Rc1 Rxc1 33. Bxc1
Kg6 34. Ke2 Nd4+ 35. Ke3 Nc6 36. Bb2 Kf5 37. f4 a6 38. Kf3 Ne7 39. Bc1 Ng6 40.
Bd2 Ne7 41. Bc1 Nc6 42. Be3 Nd8 43. Bd4 Nf7 44. Be3 Nh8 45. Bc1 Ng6 46. Bd2 d4
47. Bc1 Ne7 48. Bb2 Nd5 49. Bxd4 Nxf4 50. Be3 Ng6 51. Bc1 Nxe5+ 52. Ke3 Nc6 53.
Kf3 e5 54. Ke3 Ne7 55. Kf3 Nd5 56. Bb2 e4+ 57. Kf2 Kf4 58. Ke2 e3 59. Ke1 Kf3
60. Be5 Nf4 0-1

[Event "Politiken Cup"]
[Site "Copenhagen"]
[Date "2006.07.22"]
[Round "1.39"]
[White "Sykes, Chris"]
[Black "Semcesen, Daniel"]
[Result "0-1"]
[WhiteElo "1922"]
[BlackElo "2266"]
[PlyCount "80"]
[EventDate "2006.??.??"]

1. d4 d5 2. Bf4 c6 3. e3 Bf5 4. Bd3 Bxd3 5. cxd3 Nd7 6. Nf3 g6 7. O-O Bg7 8.
Nbd2 Ngf6 9. h3 O-O 10. b4 Ne8 11. Qb3 Nc7 12. Rac1 Rc8 13. Rc2 Re8 14. Rfc1 h6
15. b5 Nxb5 16. a4 Nd6 17. Bxd6 exd6 18. Qxb7 Rc7 19. Qa6 Nb8 20. Qa5 Qe7 21.
Qb4 Rec8 22. Nb3 Nd7 23. Na5 c5 24. Qa3 Nb6 25. Qa2 Qd7 26. Nb3 Qxa4 27. Qxa4
Nxa4 28. dxc5 dxc5 29. e4 c4 30. exd5 Bb2 31. Rxc4 Bxc1 32. Rxa4 Bb2 33. Nbd4
Rd8 34. Nc6 Rxd5 35. Nxa7 Rxd3 36. Rb4 Rc2 37. Nc6 Rd1+ 38. Kh2 Rxf2 39. Nfe5
Rdd2 40. Rg4 Rde2 0-1

[Event "Politiken Cup"]
[Site "Copenhagen"]
[Date "2006.07.22"]
[Round "1.40"]
[White "Hernandez Castro, Julio Cesar"]
[Black "Albrecht, Rainer"]
[Result "1/2-1/2"]
[WhiteElo "1916"]
[BlackElo "2256"]
[PlyCount "36"]
[EventDate "2006.??.??"]

1. d4 e6 2. c4 f5 3. Nc3 Nf6 4. g3 Be7 5. Bg2 O-O 6. Nh3 d6 7. Nf4 c6 8. O-O e5
9. dxe5 dxe5 10. Nd3 Qc7 11. e4 Be6 12. b3 Nbd7 13. Qe2 fxe4 14. Nxe4 Nxe4 15.
Bxe4 Bf6 16. Qh5 g6 17. Bxg6 hxg6 18. Qxg6+ Kh8 1/2-1/2

[Event "Politiken Cup"]
[Site "Copenhagen"]
[Date "2006.07.22"]
[Round "1.41"]
[White "Hanssen, Gunnar Berg"]
[Black "Andersen, Dag"]
[Result "1-0"]
[WhiteElo "2254"]
[BlackElo "1910"]
[PlyCount "47"]
[EventDate "2006.??.??"]

1. d4 d5 2. c4 c6 3. Nf3 Nf6 4. Nc3 dxc4 5. a4 Bf5 6. Ne5 Nbd7 7. Nxc4 e6 8. f3
Qc7 9. e4 Bg6 10. Qb3 Be7 11. Bg5 h6 12. Bh4 Nb6 13. Bg3 Qd8 14. Ne5 Bh5 15. a5
Nbd7 16. Qxb7 Rb8 17. Qxc6 Rxb2 18. Nc4 Rb4 19. Bc7 Qc8 20. e5 Nd5 21. Nxd5
exd5 22. Nd6+ Bxd6 23. Qxd6 Rxd4 24. e6 1-0

[Event "Politiken Cup"]
[Site "Copenhagen"]
[Date "2006.07.22"]
[Round "1.42"]
[White "Jensen, Søren Holm"]
[Black "Wustefeld, Carl"]
[Result "0-1"]
[WhiteElo "1902"]
[BlackElo "2248"]
[PlyCount "100"]
[EventDate "2006.??.??"]

1. e4 d5 2. exd5 Qxd5 3. Nc3 Qa5 4. d4 Nf6 5. Bc4 Nc6 6. Nf3 Bg4 7. Bd2 Qh5 8.
Bb5 e6 9. Qe2 Be7 10. O-O-O O-O 11. Bxc6 bxc6 12. h3 Bxf3 13. Qxf3 Qxf3 14.
gxf3 Rfd8 15. Be3 Rab8 16. Rhg1 Kf8 17. Ne4 Rd5 18. Bg5 Rbd8 19. Nxf6 Bxf6 20.
Bxf6 gxf6 21. c3 Rh5 22. Rg3 Rdd5 23. c4 Ra5 24. Kb1 Rag5 25. Rxg5 fxg5 26. f4
Rxh3 27. fxg5 Rf3 28. d5 cxd5 29. cxd5 Rxf2 30. dxe6 fxe6 31. Rd8+ Ke7 32. Rh8
Rf7 33. Rg8 Kd6 34. g6 hxg6 35. Rxg6 Kd5 36. Rg1 e5 37. Rd1+ Ke6 38. Kc2 e4 39.
Rd2 Ke5 40. Re2 Kd4 41. Rd2+ Ke3 42. Rd8 Rf2+ 43. Kc1 Rf6 44. Re8 Kd3 45. Rd8+
Ke2 46. b4 Rc6+ 47. Kb2 e3 48. Rd7 Ke1 49. b5 Rc5 50. a4 e2 0-1

[Event "Politiken Cup"]
[Site "Copenhagen"]
[Date "2006.07.22"]
[Round "1.43"]
[White "Christensen, Bo Garner"]
[Black "Moller, Arne"]
[Result "1-0"]
[WhiteElo "2247"]
[BlackElo "1901"]
[PlyCount "55"]
[EventDate "2006.??.??"]

1. e4 c5 2. Nf3 d6 3. d4 cxd4 4. Nxd4 Nf6 5. Nc3 a6 6. Bg5 e6 7. f4 Be7 8. Qf3
Nc6 9. Nb3 Qc7 10. O-O-O Bd7 11. g4 Rc8 12. Kb1 b5 13. Bxf6 Bxf6 14. e5 dxe5
15. Bxb5 exf4 16. Bxa6 Rb8 17. Ne4 Be7 18. Nec5 Bxc5 19. Nxc5 Qb6 20. Qa3 Bc8
21. Bxc8 Rxc8 22. Ne4 Rb8 23. Nd6+ Kf8 24. Nc8+ Qb4 25. Qxb4+ Rxb4 26. Rd6 Rc4
27. Rhd1 g6 28. Nb6 1-0

[Event "Politiken Cup"]
[Site "Copenhagen"]
[Date "2006.07.22"]
[Round "1.45"]
[White "Petersen, Soren Boeck"]
[Black "Jensen, Paul Johan"]
[Result "1-0"]
[WhiteElo "2244"]
[BlackElo "1893"]
[PlyCount "53"]
[EventDate "2006.??.??"]

1. e4 d5 2. exd5 Nf6 3. d4 Nxd5 4. Nf3 Bf5 5. Bd3 Bg6 6. c4 Nb6 7. O-O N8d7 8.
c5 Bxd3 9. Qxd3 Nxc5 10. Qe2 Ncd7 11. Nc3 c6 12. Bg5 Nf6 13. a4 e6 14. a5 Nbd5
15. a6 Nxc3 16. bxc3 b6 17. Ne5 Rc8 18. c4 Be7 19. Rad1 O-O 20. Rd3 Ne8 21. d5
cxd5 22. cxd5 Nd6 23. Nc6 Rxc6 24. Bxe7 Qxe7 25. dxc6 Rc8 26. Rc1 Nb5 27. Qe5
1-0

[Event "Politiken Cup"]
[Site "Copenhagen"]
[Date "2006.07.22"]
[Round "1.46"]
[White "Andersen, Harry"]
[Black "Pluemer, Detlef"]
[Result "1-0"]
[WhiteElo "1891"]
[BlackElo "2237"]
[PlyCount "45"]
[EventDate "2006.??.??"]

1. e4 d5 2. exd5 Nf6 3. Nc3 Nxd5 4. Nxd5 Qxd5 5. Qf3 c6 6. c3 e5 7. Bd3 Be6 8.
Bc2 Nd7 9. Qg3 Bd6 10. Ne2 e4 11. Qh4 Nc5 12. O-O g5 13. Qh6 Qe5 14. Nd4 O-O-O
15. Re1 Bg4 16. Nxc6 bxc6 17. d4 exd3 18. Rxe5 Bxe5 19. Qxc6+ Bc7 20. Bxd3 Rxd3
21. Be3 Rhd8 22. Bd4 Ne6 23. Qa6+ 1-0

[Event "Politiken Cup"]
[Site "Copenhagen"]
[Date "2006.07.22"]
[Round "1.47"]
[White "Mikkelsen, Nikolaj"]
[Black "Reppen, Ellisiv"]
[Result "1-0"]
[WhiteElo "2236"]
[BlackElo "1890"]
[PlyCount "71"]
[EventDate "2006.??.??"]

1. e4 c5 2. Nf3 Nc6 3. d4 cxd4 4. Nxd4 e5 5. Nb5 a6 6. Nd6+ Bxd6 7. Qxd6 Qf6 8.
Qxf6 Nxf6 9. Nc3 d5 10. Bg5 Nxe4 11. Nxd5 O-O 12. Be3 Rd8 13. O-O-O Be6 14. Bc4
b5 15. Bb3 Rab8 16. Rd3 Kf8 17. Rhd1 Na5 18. f3 Nxb3+ 19. axb3 Rxd5 20. Rxd5
Bxd5 21. Rxd5 Nf6 22. Rxe5 Nd7 23. Bc5+ Nxc5 24. Rxc5 Rb6 25. Rc7 g6 26. Kd2
Kg7 27. Kc3 Re6 28. Rd7 h5 29. Rd2 Kf6 30. Kb4 Kf5 31. c4 bxc4 32. bxc4 Rb6+
33. Kc5 Rb8 34. Rc2 Ke6 35. Kc6 Rc8+ 36. Kb7 1-0

[Event "Politiken Cup"]
[Site "Copenhagen"]
[Date "2006.07.22"]
[Round "1.48"]
[White "Stangeland, Karle"]
[Black "Skovgaard, Peter"]
[Result "0-1"]
[WhiteElo "1886"]
[BlackElo "2235"]
[PlyCount "48"]
[EventDate "2006.??.??"]

1. e4 c5 2. Nf3 e6 3. c3 d5 4. exd5 exd5 5. d4 Nc6 6. Be2 Nf6 7. O-O Ne4 8. Be3
c4 9. b3 cxb3 10. axb3 Bd6 11. c4 O-O 12. c5 Bc7 13. Qc1 Bg4 14. Rd1 Qf6 15.
Nc3 Nxc3 16. Qxc3 Rae8 17. Ra2 Qg6 18. Re1 f5 19. Bc1 Re4 20. Ne5 Nxe5 21. dxe5
Bxe5 22. Qd3 Bd4 23. Kf1 Rfe8 24. f3 Bh3 0-1

[Event "Politiken Cup"]
[Site "Copenhagen"]
[Date "2006.07.22"]
[Round "1.49"]
[White "Royset, Paal"]
[Black "Berstad, Joerund"]
[Result "1-0"]
[WhiteElo "2228"]
[BlackElo "1883"]
[PlyCount "61"]
[EventDate "2006.??.??"]

1. e4 e6 2. d4 d5 3. Nc3 dxe4 4. Nxe4 Nd7 5. Bd3 Ngf6 6. Qe2 Be7 7. Nf3 Nxe4 8.
Bxe4 Nf6 9. Bxb7 Bxb7 10. Qb5+ Qd7 11. Qxb7 O-O 12. O-O a5 13. Qb3 Rfb8 14. Qd3
Bd6 15. b3 a4 16. Bg5 Nd5 17. Bd2 Qc8 18. Ng5 Nf6 19. Rfe1 Qa6 20. Qh3 axb3 21.
cxb3 Bb4 22. Bxb4 Rxb4 23. Qc3 Qd6 24. Nf3 Nd5 25. Qc2 h6 26. a3 Rb6 27. Qb2
Nf4 28. Re3 Nd5 29. Re2 Raa6 30. Ne5 Nf4 31. Re4 1-0

[Event "Politiken Cup"]
[Site "Copenhagen"]
[Date "2006.07.22"]
[Round "1.51"]
[White "Molvig, Henrik"]
[Black "Nielsen, Palle"]
[Result "1-0"]
[WhiteElo "2218"]
[BlackElo "1873"]
[PlyCount "73"]
[EventDate "2006.??.??"]

1. d4 e6 2. c4 d5 3. Nc3 Nf6 4. Bg5 Be7 5. e3 O-O 6. Nf3 Ne4 7. Bxe7 Qxe7 8.
Rc1 Nxc3 9. Rxc3 Nd7 10. cxd5 exd5 11. Rxc7 Qb4+ 12. Qd2 Qxd2+ 13. Nxd2 Nf6 14.
Bd3 a6 15. O-O b5 16. Rfc1 Be6 17. f3 Rfd8 18. Nb3 Ne8 19. R7c2 Nd6 20. Nc5 Nc4
21. Kf2 Bc8 22. a4 Nd6 23. Ra1 b4 24. Rac1 g5 25. Rd2 f5 26. g3 h5 27. f4 g4
28. b3 Ne4+ 29. Bxe4 fxe4 30. a5 Rb8 31. Na4 Rb5 32. Nb6 Be6 33. Rc5 Rxc5 34.
dxc5 d4 35. exd4 Bxb3 36. d5 Bxd5 37. Rxd5 1-0

[Event "Politiken Cup"]
[Site "Copenhagen"]
[Date "2006.07.22"]
[Round "1.52"]
[White "Thingstad, Even"]
[Black "Muratet Casadevall, Albert"]
[Result "0-1"]
[WhiteElo "1861"]
[BlackElo "2216"]
[PlyCount "68"]
[EventDate "2006.??.??"]

1. d4 Nf6 2. Nf3 g6 3. c4 Bg7 4. Nc3 O-O 5. e4 d6 6. Be2 Nbd7 7. O-O e5 8. d5
Nc5 9. Qc2 a5 10. Bg5 Bg4 11. Nd2 Bxe2 12. Nxe2 c6 13. Be3 Nfd7 14. Nb3 f5 15.
f3 fxe4 16. fxe4 Qh4 17. Nxc5 Nxc5 18. Bxc5 dxc5 19. Nc3 Bh6 20. Qe2 Bf4 21. g3
Qg5 22. Rf3 Bd2 23. Raf1 Rxf3 24. Qxf3 Qe7 25. Ne2 Kg7 26. Kg2 cxd5 27. cxd5 c4
28. Rd1 Rf8 29. Qg4 Be3 30. d6 Qf6 31. d7 h5 32. Qh4 Bg5 33. Qh3 Qf3+ 34. Kg1
Be3# 0-1

[Event "Politiken Cup"]
[Site "Copenhagen"]
[Date "2006.07.22"]
[Round "1.53"]
[White "Romsdal, Trond"]
[Black "Lindström, Per-Ove"]
[Result "1-0"]
[WhiteElo "2215"]
[BlackElo "1858"]
[PlyCount "81"]
[EventDate "2006.??.??"]

1. d4 Nf6 2. c4 g6 3. Nc3 Bg7 4. e4 d6 5. Nf3 O-O 6. Be2 Nbd7 7. O-O e5 8. Re1
exd4 9. Nxd4 Nc5 10. Bf3 a5 11. Ndb5 Nfd7 12. Be3 Ne6 13. Be2 Be5 14. Qd2 b6
15. Rad1 Bb7 16. f4 Bxc3 17. Nxc3 Nec5 18. Qc2 Qe7 19. Bf3 Rfe8 20. Nd5 Bxd5
21. exd5 Qf6 22. Qd2 Qd8 23. Bd4 Rxe1+ 24. Rxe1 Qf8 25. Qe3 Rd8 26. b3 f5 27.
Qe7 Qxe7 28. Rxe7 Ne4 29. Bxe4 fxe4 30. Kf2 Nc5 31. Rg7+ Kf8 32. Rxh7 Nd3+ 33.
Ke3 Re8 34. Rh8+ Kf7 35. Rxe8 Kxe8 36. Kxe4 Nc1 37. Be3 Nxa2 38. Bd2 Kf7 39. f5
gxf5+ 40. Kxf5 Ke7 41. h4 1-0

[Event "Politiken Cup"]
[Site "Copenhagen"]
[Date "2006.07.22"]
[Round "1.54"]
[White "Traerup, Jorgen"]
[Black "Wiwe, Andreas"]
[Result "0-1"]
[WhiteElo "1855"]
[BlackElo "2215"]
[PlyCount "94"]
[EventDate "2006.??.??"]

1. e4 c5 2. Nf3 e6 3. c3 Nf6 4. e5 Nd5 5. Bc4 d6 6. O-O Nc6 7. d4 cxd4 8. Bxd5
exd5 9. cxd4 Be7 10. h3 O-O 11. Nc3 Be6 12. Re1 Rc8 13. Bf4 dxe5 14. Nxe5 Re8
15. Nxc6 Rxc6 16. Qf3 Qd7 17. Rac1 Rec8 18. Qe2 Bb4 19. Bd2 Rc4 20. Qe3 Bd6 21.
Ne2 f6 22. Rxc4 dxc4 23. Nf4 Bf7 24. Qf3 b5 25. d5 b4 26. Ne6 a5 27. Qg4 Bg6
28. h4 c3 29. bxc3 bxc3 30. Bc1 Bf8 31. h5 Bb1 32. Bh6 Bxa2 33. Bxg7 Bxg7 34.
h6 Bxd5 35. hxg7 Bxe6 36. Qe4 c2 37. Qe3 Bf7 38. Qa3 Qd2 39. Rc1 Rd8 40. Kh2
Qf4+ 41. Kh3 Be6+ 42. g4 Qxg4+ 43. Kh2 Qf4+ 44. Kg2 Bd5+ 45. f3 Bxf3+ 46. Kh3
Qg4+ 47. Kh2 Qg2# 0-1

[Event "Politiken Cup"]
[Site "Copenhagen"]
[Date "2006.07.22"]
[Round "1.55"]
[White "Jorgensen, Dennis"]
[Black "Jensen, Mads"]
[Result "1-0"]
[WhiteElo "2179"]
[BlackElo "1852"]
[PlyCount "61"]
[EventDate "2006.??.??"]

1. Nf3 g6 2. g3 Bg7 3. Bg2 d6 4. d4 Nc6 5. O-O e5 6. dxe5 Nxe5 7. Nxe5 Bxe5 8.
c3 c6 9. Nd2 Be6 10. Nf3 Bg7 11. Nd4 Qd7 12. Bf4 Rd8 13. Qa4 c5 14. Nb5 Be5 15.
Bxe5 dxe5 16. Rad1 Qe7 17. Nc7+ Kf8 18. Nxe6+ fxe6 19. Qxa7 Nf6 20. Rxd8+ Qxd8
21. Qxb7 Rg8 22. Qc6 Qe7 23. Rd1 Kf7 24. a4 Rb8 25. Rd2 Qa7 26. g4 g5 27. Bf3
Ke7 28. Rd6 Ne8 29. Rxe6+ Kf8 30. Rxe5 Rd8 31. Bd5 1-0

[Event "Politiken Cup"]
[Site "Copenhagen"]
[Date "2006.07.22"]
[Round "1.56"]
[White "Zachariassen, John"]
[Black "Schultz-Pedersen, Jesper"]
[Result "0-1"]
[WhiteElo "1831"]
[BlackElo "2203"]
[PlyCount "76"]
[EventDate "2006.??.??"]

1. c4 Nc6 2. Nc3 e5 3. d3 f5 4. g3 Nf6 5. Bg2 Bc5 6. Nf3 d6 7. O-O O-O 8. Rb1
a5 9. b3 Qe8 10. a3 Qh5 11. e3 f4 12. d4 Ba7 13. d5 Ne7 14. exf4 exf4 15. Bxf4
Ng6 16. Ng5 Nxf4 17. gxf4 Qh4 18. Ne6 Ng4 19. h3 Nxf2 20. Rxf2 Bxe6 21. dxe6
Rxf4 22. e7 Rxf2 23. Kh1 Qxe7 24. Qd5+ Kh8 25. Qxb7 Rff8 26. Nd5 Qe5 27. Nxc7
d5 28. cxd5 Bc5 29. Qxa8 Rxa8 30. Nxa8 Bd6 31. Kg1 Qe3+ 32. Kh1 Qa7 33. b4 axb4
34. axb4 Qxa8 35. b5 Qa2 36. Re1 g5 37. Rf1 Kg7 38. b6 Qb2 0-1

[Event "Politiken Cup"]
[Site "Copenhagen"]
[Date "2006.07.22"]
[Round "1.57"]
[White "Brondum, Eric"]
[Black "Jacobsen, Maria Pitz"]
[Result "1-0"]
[WhiteElo "2202"]
[BlackElo "1848"]
[PlyCount "79"]
[EventDate "2006.??.??"]

1. d4 Nf6 2. c4 e6 3. Nf3 Be7 4. Nc3 O-O 5. e4 d5 6. e5 Ne8 7. Bd3 dxc4 8. Bxc4
Nd7 9. Qe2 Nb6 10. Bd3 Nd5 11. O-O b6 12. Nxd5 exd5 13. Be3 Bb7 14. Rac1 Rc8
15. Bf5 Rb8 16. a3 a5 17. Rfd1 c6 18. Qc2 g6 19. Bh3 Nc7 20. Bh6 Re8 21. Qd2
Ne6 22. Bxe6 fxe6 23. Ng5 Bxg5 24. Bxg5 Qc7 25. Bf6 Rf8 26. Qg5 Kf7 27. Rc3 Ke8
28. Rdc1 Rc8 29. h4 Rg8 30. b4 axb4 31. axb4 b5 32. Ra1 Ra8 33. Rxa8+ Bxa8 34.
Ra3 Bb7 35. Qh6 Rf8 36. h5 Qf7 37. Rf3 Rg8 38. Bh4 Qg7 39. Qg5 Kd7 40. h6 1-0

[Event "Politiken Cup"]
[Site "Copenhagen"]
[Date "2006.07.22"]
[Round "1.58"]
[White "Christensen, Verner"]
[Black "Dragicevic, Drazen"]
[Result "0-1"]
[WhiteElo "1846"]
[BlackElo "2200"]
[PlyCount "44"]
[EventDate "2006.??.??"]

1. e4 c5 2. d4 cxd4 3. c3 dxc3 4. Nxc3 Nc6 5. Bc4 e6 6. Nf3 d6 7. O-O Be7 8.
Qe2 a6 9. Rd1 Qc7 10. Bf4 b5 11. Bxb5 axb5 12. Nxb5 Qb6 13. Bxd6 Bd8 14. Bf4
Ba6 15. Nd6+ Kf8 16. Qc2 Nge7 17. Ng5 e5 18. Be3 Nd4 19. Ndxf7 Nxc2 20. Bxb6
Bxb6 21. Rac1 Nd4 22. Kh1 h6 0-1

[Event "Politiken Cup"]
[Site "Copenhagen"]
[Date "2006.07.22"]
[Round "1.59"]
[White "Haapasalo, Jukka-Pekka"]
[Black "Bue, Gunnar"]
[Result "1-0"]
[WhiteElo "2200"]
[BlackElo "1843"]
[PlyCount "47"]
[EventDate "2006.??.??"]

1. Nf3 c5 2. e4 e6 3. d3 Nc6 4. g3 g6 5. Bg2 Bg7 6. O-O Nge7 7. Re1 e5 8. c3 d6
9. a3 Bg4 10. h3 Bxf3 11. Bxf3 O-O 12. b4 a6 13. Nd2 b5 14. Nb3 cxb4 15. axb4
Qc7 16. Bb2 a5 17. bxa5 Nxa5 18. Nxa5 Rxa5 19. Rxa5 Qxa5 20. Qb3 Rb8 21. Ra1
Qb6 22. Bc1 h6 23. Be3 Qb7 24. Ra7 1-0

[Event "Politiken Cup"]
[Site "Copenhagen"]
[Date "2006.07.22"]
[Round "1.60"]
[White "Lie, Terje"]
[Black "Dalberg, Preben"]
[Result "0-1"]
[WhiteElo "1842"]
[BlackElo "2190"]
[PlyCount "78"]
[EventDate "2006.??.??"]

1. d4 d5 2. c4 Nc6 3. Nc3 dxc4 4. e3 e5 5. d5 Nce7 6. Bxc4 Ng6 7. e4 Nf6 8. f3
Bc5 9. Nge2 Nh5 10. Bb5+ Bd7 11. Bxd7+ Qxd7 12. Ng3 Nhf4 13. Qc2 c6 14. Na4
Bb4+ 15. Kf2 cxd5 16. exd5 Rc8 17. Qb3 Qxd5 18. Qxd5 Nxd5 19. Rd1 Ndf4 20. a3
Bc5+ 21. Kf1 O-O 22. Nxc5 Rxc5 23. Rd7 Rd5 24. Rxd5 Nxd5 25. Bd2 Rc8 26. Rc1
Rxc1+ 27. Bxc1 Ngf4 28. Bd2 b6 29. Ne4 Kf8 30. Nc3 Nxc3 31. Bxc3 f6 32. Bb4+
Ke8 33. Bd6 Kd7 34. Bb8 a6 35. a4 a5 36. b3 Nd5 37. b4 axb4 38. g3 b3 39. f4 b2
0-1

[Event "Politiken Cup"]
[Site "Copenhagen"]
[Date "2006.07.22"]
[Round "1.61"]
[White "Petersen, Peter Birk"]
[Black "Omarsson, Dadi"]
[Result "1-0"]
[WhiteElo "2186"]
[BlackElo "1830"]
[PlyCount "91"]
[EventDate "2006.??.??"]

1. e4 c5 2. Nf3 d6 3. d4 cxd4 4. Nxd4 Nf6 5. Nc3 g6 6. Be2 Bg7 7. O-O O-O 8.
Be3 Nc6 9. Nb3 Be6 10. f4 Rc8 11. f5 Bd7 12. Kh1 Ne5 13. Nd4 a6 14. a4 Rxc3 15.
bxc3 Nxe4 16. Qe1 Qc7 17. Ra3 Rc8 18. Qh4 d5 19. fxg6 hxg6 20. c4 Nxc4 21. Qxe7
Bxa4 22. Qxc7 Rxc7 23. Bxc4 Rxc4 24. Rd3 b5 25. Nf3 Nc3 26. Rd2 b4 27. Bd4 Ne4
28. Rdd1 Bxc2 29. Rc1 Bh6 30. Ra1 Nd2 31. Nxd2 Rxd4 32. Nf3 Re4 33. Rxa6 b3 34.
Rb6 d4 35. g4 Bf4 36. Rb4 Bd6 37. Rb6 Bf4 38. Rb4 Bd6 39. Rb6 Be7 40. h3 Re3
41. Nxd4 Rxh3+ 42. Kg2 Rc3 43. Re1 Ba3 44. Re8+ Kg7 45. g5 Bf5 46. Rbb8 1-0

[Event "Politiken Cup"]
[Site "Copenhagen"]
[Date "2006.07.22"]
[Round "1.62"]
[White "Forsmann, Henning"]
[Black "Schou-Moldt, Thomas"]
[Result "0-1"]
[WhiteElo "1828"]
[BlackElo "2184"]
[PlyCount "76"]
[EventDate "2006.??.??"]

1. c4 Nf6 2. Nf3 b6 3. g3 Bb7 4. Bg2 e6 5. O-O Be7 6. Nc3 O-O 7. d3 c5 8. Bf4
d6 9. e4 Re8 10. Re1 Nbd7 11. Nb5 e5 12. Bd2 Nf8 13. Nc3 Ne6 14. Nd5 Nxd5 15.
exd5 Ng5 16. Nh4 Bc8 17. Qe2 Nh3+ 18. Bxh3 Bxh3 19. Ng2 Bf5 20. Qf1 Bf6 21. Ne3
Bd7 22. Qg2 g6 23. h3 Bg7 24. g4 b5 25. a3 a5 26. Kh2 Qb8 27. Reb1 bxc4 28.
dxc4 Qb3 29. Qe4 Bh6 30. Bc3 a4 31. Rg1 Bf4+ 32. Kh1 Rf8 33. h4 Bxe3 34. fxe3
f5 35. gxf5 Bxf5 36. Qf3 Qxc4 37. Qg3 Be4+ 38. Kh2 Qe2+ 0-1

[Event "Politiken Cup"]
[Site "Copenhagen"]
[Date "2006.07.22"]
[Round "1.63"]
[White "Hvenekilde, Jorgen"]
[Black "Sande, Odmund"]
[Result "1/2-1/2"]
[WhiteElo "2181"]
[BlackElo "1825"]
[PlyCount "76"]
[EventDate "2006.??.??"]

1. d4 Nf6 2. c4 c5 3. d5 b5 4. a4 b4 5. Nd2 g6 6. b3 Bg7 7. Bb2 O-O 8. e4 d6 9.
Qc2 Nbd7 10. Be2 Ne8 11. O-O-O Ne5 12. h3 f5 13. f4 Nf7 14. Bxg7 Nxg7 15. g4 e5
16. exf5 gxf5 17. g5 exf4 18. h4 Ne5 19. Nh3 Ng4 20. Nxf4 Nf2 21. Rhg1 Nxd1 22.
Qxd1 Qe7 23. Qf1 Qe5 24. Bd3 Qc3+ 25. Bc2 Bd7 26. h5 Ne8 27. h6 Kh8 28. g6 Rf6
29. gxh7 Rxh6 30. Ng6+ Rxg6 31. Rxg6 Nf6 32. Qf3 Qe5 33. Rg5 Qe1+ 34. Qd1 Qxd1+
35. Kxd1 Nxh7 36. Rh5 Rf8 37. Nf3 Kg7 38. Nh4 Nf6 1/2-1/2

[Event "Politiken Cup"]
[Site "Copenhagen"]
[Date "2006.07.22"]
[Round "1.64"]
[White "Andersen, Mads"]
[Black "De Boer, Albert"]
[Result "1-0"]
[WhiteElo "1794"]
[BlackElo "2180"]
[PlyCount "65"]
[EventDate "2006.??.??"]

1. e4 e6 2. d4 d5 3. Nd2 Nf6 4. e5 Nfd7 5. Bd3 c5 6. c3 Nc6 7. Ne2 cxd4 8. cxd4
f6 9. exf6 Nxf6 10. Nf3 Bd6 11. O-O Qc7 12. Ng3 O-O 13. b3 e5 14. dxe5 Nxe5 15.
Nxe5 Bxe5 16. Ba3 Re8 17. Rc1 Qa5 18. Bc5 b6 19. Be3 Bc3 20. Nh5 Ng4 21. Qc2 d4
22. Bxh7+ Kh8 23. Bg6 Ba6 24. Bxe8 Rxe8 25. Qg6 dxe3 26. Qxe8+ Kh7 27. Qe4+ g6
28. fxe3 Qxh5 29. Rf7+ Bg7 30. Rxg7+ Kxg7 31. Rc7+ Kh6 32. Qf4+ g5 33. Qf8+ 1-0

[Event "Politiken Cup"]
[Site "Copenhagen"]
[Date "2006.07.22"]
[Round "1.65"]
[White "Solberg, Joachim"]
[Black "Jorgensen, Orla Eilegaard"]
[Result "1-0"]
[WhiteElo "2179"]
[BlackElo "1771"]
[PlyCount "53"]
[EventDate "2006.??.??"]

1. e4 c5 2. Nf3 d6 3. d4 cxd4 4. Nxd4 Nc6 5. Nc3 a6 6. f3 Nf6 7. Be3 e5 8. Nb3
Be6 9. Qd2 Be7 10. O-O-O b5 11. g4 Na5 12. Nd5 Nxb3+ 13. axb3 Nxd5 14. exd5 Bd7
15. Be2 Rc8 16. f4 f6 17. fxe5 dxe5 18. d6 Bf8 19. g5 f5 20. Qd5 e4 21. Bh5+ g6
22. Qe5+ Kf7 23. Qxh8 gxh5 24. Qxh7+ Bg7 25. g6+ Kf8 26. Bh6 Qf6 27. Qh8# 1-0

[Event "Politiken Cup"]
[Site "Copenhagen"]
[Date "2006.07.22"]
[Round "1.66"]
[White "Lahlum, Hans Olav"]
[Black "Tocklin, Tomi"]
[Result "1-0"]
[WhiteElo "2264"]
[BlackElo "1918"]
[PlyCount "71"]
[EventDate "2006.??.??"]

1. d4 Nf6 2. c4 c5 3. d5 b5 4. cxb5 a6 5. f3 axb5 6. e4 Qa5+ 7. Bd2 b4 8. Na3
d6 9. Nc4 Qc7 10. a3 bxa3 11. Rxa3 Rxa3 12. bxa3 g6 13. Qa4+ Nbd7 14. Bd3 Bg7
15. Ne2 O-O 16. O-O Bb7 17. Ba5 Ra8 18. Rb1 Qc8 19. Qb3 Ba6 20. Bc3 Rb8 21. Qc2
Rxb1+ 22. Qxb1 Qb8 23. Qxb8+ Nxb8 24. Kf2 Nfd7 25. Ke3 Bxc3 26. Nxc3 Kf8 27.
Na5 Ke8 28. Bb5 Kd8 29. Bxa6 Nxa6 30. Nc6+ Ke8 31. Kd3 Ndb8 32. Kc4 Kd7 33. Kb5
e6 34. Kb6 Kc8 35. Na7+ Kd7 36. Kb7 1-0

[Event "Politiken Cup"]
[Site "Copenhagen"]
[Date "2006.07.22"]
[Round "1.67"]
[White "Negi, Parimarjan"]
[Black "Wurtz, Jacob"]
[Result "1-0"]
[WhiteElo "2480"]
[BlackElo "2001"]
[PlyCount "53"]
[EventDate "2006.??.??"]

1. e4 e6 2. d4 d5 3. Nc3 Nf6 4. e5 Nfd7 5. f4 c5 6. Nf3 Nc6 7. Be3 cxd4 8. Nxd4
Be7 9. Qf3 a6 10. O-O-O Qc7 11. h4 b5 12. h5 Nxd4 13. Bxd4 b4 14. Ne2 Nc5 15.
Ng3 a5 16. Kb1 Ba6 17. f5 Rc8 18. Rc1 Bxf1 19. Rhxf1 Rf8 20. c4 bxc3 21. Rxc3
Qb7 22. Rfc1 Rb8 23. Qe2 Na6 24. Rc6 Ra8 25. Rb6 Qa7 26. Qb5+ Qd7 27. Rcc6 1-0

[Event "Politiken Cup"]
[Site "Copenhagen"]
[Date "2006.07.22"]
[Round "1.69"]
[White "Hassan, Omar Elsayed"]
[Black "Lavresen, Frands Winther"]
[Result "1-0"]
[WhiteElo "2153"]
[BlackElo "1764"]
[PlyCount "65"]
[EventDate "2006.??.??"]

1. e4 c6 2. d4 d5 3. e5 Bf5 4. h4 h5 5. c4 e6 6. Nc3 Nd7 7. cxd5 exd5 8. Bd3
Bxd3 9. Qxd3 Nh6 10. Nf3 Qb6 11. e6 Nf6 12. exf7+ Nxf7 13. Qg6 Ng4 14. O-O Be7
15. Re1 c5 16. Qxb6 axb6 17. Nxd5 O-O-O 18. Nxe7+ Kd7 19. dxc5 Rhe8 20. Bg5
Nxg5 21. Rad1+ Kc7 22. cxb6+ Kxb6 23. Rxd8 Nxf3+ 24. gxf3 Rxd8 25. fxg4 hxg4
26. Re2 Rd3 27. Kg2 Kc5 28. Nf5 g6 29. Ne3 Rd4 30. Kg3 Re4 31. Rc2+ Kd4 32.
Rc4+ Kd3 33. Rxe4 1-0

[Event "Politiken Cup"]
[Site "Copenhagen"]
[Date "2006.07.22"]
[Round "1.70"]
[White "Havik, Victor"]
[Black "Friesen, Boris"]
[Result "1-0"]
[WhiteElo "1754"]
[BlackElo "2146"]
[PlyCount "83"]
[EventDate "2006.??.??"]

1. d4 Nf6 2. c4 g6 3. Nc3 d5 4. cxd5 Nxd5 5. e4 Nxc3 6. bxc3 Bg7 7. Nf3 O-O 8.
Be3 c5 9. Rc1 Qa5 10. Qd2 Nc6 11. d5 Rd8 12. Bh6 Bh8 13. h4 e6 14. h5 exd5 15.
hxg6 fxg6 16. exd5 Ne5 17. Nxe5 Bxe5 18. Bc4 Bd6 19. Qg5 Re8+ 20. Kf1 Qd8 21.
Qd2 Bf5 22. Bg5 Qc7 23. Bf4 Re4 24. Bxd6 Qxd6 25. Be2 Rae8 26. Bf3 R4e7 27. Rh4
Be4 28. Bxe4 Rxe4 29. Rxe4 Rxe4 30. g3 Re5 31. Rd1 Qd7 32. Qd3 b5 33. d6 Rh5
34. Qf3 Rf5 35. Qe4 Rf7 36. Qd5 Kg7 37. Qxc5 Qg4 38. Qe5+ Kh6 39. Rd4 Qh3+ 40.
Kg1 Rf5 41. Qe3+ Kg7 42. Rh4 1-0